Statistics for Five Countries with the Most Traffic-Related Deaths by Continent

Click here to take the quiz!

General Stats

  • This quiz has been taken 3,534 times
  • The average score is 25 of 30

Answer Stats

ContinentDeathsCountry% Correct
North America34,064United States
97%
Asia261,367China
96%
Asia27,025Russia
96%
Europe27,025Russia
96%
South America41,059Brazil
95%
North America15,062Mexico
95%
Oceania1,252Australia
94%
North America2,114Canada
94%
Asia238,562India
94%
Oceania272New Zealand
93%
South America5,619Argentina
90%
Africa13,273South Africa
89%
South America8,107Colombia
88%
Europe3,540Germany
86%
South America4,554Peru
85%
Africa35,621Nigeria
84%
Europe3,753Italy
82%
Oceania1,232Papua New Guinea
80%
Africa22,419DR Congo
79%
Europe5,099Ukraine
79%
Oceania51Fiji
78%
South America3,476Bolivia
76%
Asia38,279Indonesia
76%
Asia25,781Pakistan
76%
Europe3,931Poland
74%
North America2,939Guatemala
72%
Africa23,837Ethiopia
68%
Oceania108Solomon Islands
62%
North America3,052Dominican Republic
59%
Africa16,211Tanzania
58%

Score Distribution

Percentile by Number Answered

Percent of People with Each Score

Your Score History

You have not taken this quiz